| 000 | 00322nam a22001217a 4500 | ||
|---|---|---|---|
| 082 |
_a940.545 _bREN _cL-30, P-11 |
||
| 100 |
_aMajor John N. Rentz _946257 |
||
| 245 | _aBougainville And the Northern Slomons | ||
| 300 | _avi, 166 P, : | ||
| 526 |
_a0 _b0 _c0 _d940_545000000000000_REN |
||
| 650 |
_aMCE _9379 |
||
| 942 |
_2ddc _cBK |
||
| 999 |
_c549619 _d549619 |
||